00295nam a2200109Ia 4500008004100000245007200041260003200113260000900145300001000154500000800164650001300172170224s9999 xx 000 0 und d aReplicating Real Life: Simulation in Nursing Education and Practice bAmerican Journal of Nursing c2016 a116:5 aMay xNursing.